000 00505nam a22001697a 4500
999 _c13837
_d13837
003 AR-CdUCM
008 190416b ||||| |||| 00| 0 spa d
040 _aMUNICIPALIDAD PROVINCIAL DEL CUSCO
_cBIBLIOTECA MUNICIPAL DEL CUSCO
082 _a361.25 /
_bI43
245 _aCidap :
_bInformativo Urbano /
260 _aCusco :
300 _a79 paginas ;
_c21 cm.
505 _aContenido :Programa de vaso de leche /
650 _aVaso de leche
_932403
942 _2ddc
_cFOLLETOS
945 _arjall
_d2019-04-16